Library Banner

Overcoming destructive anger : (Record no. 92583)

MARC details
000 -LEADER
fixed length control field 03115cam a2200325 i 4500
001 - CONTROL NUMBER
control field 18867221
005 - DATE AND TIME OF LATEST TRANSACTION
control field 20170414114253.0
008 - FIXED-LENGTH DATA ELEMENTS--GENERAL INFORMATION
fixed length control field 151120s2016 mdua b 001 0 eng
020 ## - INTERNATIONAL STANDARD BOOK NUMBER
International Standard Book Number 9781421419732 (hardback)
020 ## - INTERNATIONAL STANDARD BOOK NUMBER
International Standard Book Number 9781421419749 (paperback)
020 ## - INTERNATIONAL STANDARD BOOK NUMBER
International Standard Book Number 1421419734 (hardcover)
020 ## - INTERNATIONAL STANDARD BOOK NUMBER
International Standard Book Number 1421419742 (paperback)
020 ## - INTERNATIONAL STANDARD BOOK NUMBER
International Standard Book Number 1421419750 (electronic)
040 ## - CATALOGING SOURCE
Transcribing agency PK-LaUMT
082 00 - DEWEY DECIMAL CLASSIFICATION NUMBER
Classification number 152.47
Edition number 23
Item number GOL-O
100 1# - MAIN ENTRY--PERSONAL NAME
Personal name Golden, Bernard
245 10 - TITLE STATEMENT
Title Overcoming destructive anger :
Remainder of title strategies that work /
Statement of responsibility, etc Bernard Golden
260 ## - PUBLICATION, DISTRIBUTION, ETC. (IMPRINT)
Place of publication, distribution, etc Baltimore :
Name of publisher, distributor, etc Johns Hopkins University press,
Date of publication, distribution, etc 2016
300 ## - PHYSICAL DESCRIPTION
Extent x, 213 p. :
Other physical details illustrations ;
Dimensions 24 cm
520 ## - SUMMARY, ETC.
Summary, etc "Uncontrolled anger can be devastating, yet many people with serious anger issues don't know how to change their behavior. In Overcoming Destructive Anger, psychologist Bernard Golden, an anger management specialist, offers concrete tools for turning destructive anger into healthy anger. Dr. Golden draws on both compassion focused therapy--a model for change that encompasses and expands on cognitive behavioral therapy, mindfulness, and practices in compassion and self-compassion--and theories of emotional intelligence. He teaches readers to recognize, sit with, and move beyond the triggers that cause destructive anger. Anger logs and other exercises, together with stories of people who were challenged by anger and able to overcome their outbursts, allow readers to explore the source of their anger and recognize its destructive potential. Emphasizing anger's link to habits of thinking, feeling, and physical reactions, Dr. Golden offers multiple strategies for coping with current hurts as well as past wounds. And he directs readers to helpful websites, books, and films.Dr. Golden explains why destructive anger happens and how it can contribute to divorce, estranged families, job loss, addictions, and even imprisonment. Emphasizing the importance of making calm, constructive choices and cultivating self-empathy, this guide will free people with destructive anger--and those around them--to live more fulfilling lives"--
520 ## - SUMMARY, ETC.
Summary, etc "Readers will be drawn to this book because their lives have been affected, even devastated, by anger. Job loss, divorce, family estrangement, substance abuse, and imprisonment are just some of the potential fallouts from uncontrolled anger. Many people do not know how to start making changes to turn destructive anger into healthy anger. This book offers understanding and tools for making those changes. In helping readers understand anger, psychologist Bernie Golden explains that while anger serves a purpose, it can easily become destructive. In this book he offers strategies to overcome anger that
650 #0 - SUBJECT ADDED ENTRY--TOPICAL TERM
Topical term or geographic name as entry element Anger.
650 #0 - SUBJECT ADDED ENTRY--TOPICAL TERM
Topical term or geographic name as entry element Emotional intelligence.
650 #0 - SUBJECT ADDED ENTRY--TOPICAL TERM
Topical term or geographic name as entry element Emotion-focused therapy.
650 #7 - SUBJECT ADDED ENTRY--TOPICAL TERM
Topical term or geographic name as entry element HEALTH & FITNESS / General.
650 #7 - SUBJECT ADDED ENTRY--TOPICAL TERM
Topical term or geographic name as entry element PSYCHOLOGY / General.
650 #7 - SUBJECT ADDED ENTRY--TOPICAL TERM
Topical term or geographic name as entry element SELF-HELP / Anger Management (see also FAMILY & RELATIONSHIPS / Anger).
650 #7 - SUBJECT ADDED ENTRY--TOPICAL TERM
Topical term or geographic name as entry element FAMILY & RELATIONSHIPS / Anger (see also SELF-HELP / Anger Management).
942 ## - ADDED ENTRY ELEMENTS (KOHA)
Koha item type Books
Holdings
Withdrawn status Lost status Damaged status Home library Current library Date acquired Full call number Barcode Date last seen Price effective from Koha item type
      UMT Main Campus UMT Main Campus 2017-04-14 152.47 GOL-O 107406 2023-03-27 2017-04-14 Books